[Event "Padova op 4th"]
[Site "Padova"]
[Date "2001.12.22"]
[Round "4"]
[White "De Bortoli, Peter"]
[Black "Ungaro, Olindo"]
[Result "1-0"]
[WhiteElo "2194"]
[BlackElo "1800"]
[PlyCount "73"]
[EventDate "2001.12.15"]
[EventType "swiss"]
[EventRounds "6"]
[EventCountry "ITA"]
[SourceTitle "EXT 2024"]
[Source "ChessBase"]
[SourceDate "2023.10.10"]
[SourceVersion "1"]
[SourceVersionDate "2023.10.10"]
[SourceQuality "1"]

1. d4 Nf6 2. Nf3 d5 3. Nbd2 c6 4. Ne5 Bf5 5. e3 e6 6. g4 Bg6 7. h4 Ne4 8. h5 f6 9. hxg6 fxe5 10. dxe5 Nxd2 11. Bxd2 h6 12. Rh5 Be7 13. Qe2 Nd7 14. Bg2 Qc7 15. f4 0-0-0 16. 0-0-0 Rhe8 17. Kb1 Nc5 18. Bc1 Qb6 19. c3 a5 20. Rhh1 Bf8 21. Qc2 a4 22. Rd4 Qc7 23. c4 a3 24. b3 Na6 25. cxd5 exd5 26. Ra4 Qb6 27. Rd1 Kb8 28. Bf1 Nc5 29. Rxa3 Ne4 30. Ra4 Bb4 31. Bb2 Bc5 32. Bd3 Bxe3 33. Bxe4 dxe4 34. Rxe4 Rxd1+ 35. Qxd1 Rd8 36. Qe2 Bd2 37. e6 1-0

[Event "Padova op 4th"]
[Site "Padova"]
[Date "2001.12.16"]
[Round "3"]
[White "Trangoni, Bruno"]
[Black "De Bortoli, Peter"]
[Result "0-1"]
[WhiteElo "1662"]
[BlackElo "2194"]
[PlyCount "50"]
[EventDate "2001.12.15"]
[EventType "swiss"]
[EventRounds "6"]
[EventCountry "ITA"]
[SourceTitle "EXT 2024"]
[Source "ChessBase"]
[SourceDate "2023.10.10"]
[SourceVersion "1"]
[SourceVersionDate "2023.10.10"]
[SourceQuality "1"]

1. f4 c5 2. Nf3 Nc6 3. e3 g6 4. Bb5 Bg7 5. 0-0 e6 6. Nc3 Nge7 7. Ne4 d6 8. c3 b6 9. Qe1 a6 10. Ba4 b5 11. Bc2 0-0 12. d3 b4 13. Bd2 Rb8 14. Qh4 Nd5 15. Qxd8 Rxd8 16. Ba4 Nce7 17. d4 bxc3 18. bxc3 Nb6 19. Rab1 Rb7 20. Nxd6 Rxd6 21. dxc5 Rxd2 22. Nxd2 Nxa4 23. Ne4 Nxc3 24. Rxb7 Bxb7 25. Nd6 Bc6 0-1

[Event "Feffernitz Raika op 09th"]
[Site "Feffernitz"]
[Date "2000.08.27"]
[Round "9"]
[White "Csiszar, Csaba"]
[Black "De Bortoli, Peter"]
[Result "1/2-1/2"]
[WhiteElo "2410"]
[BlackElo "2195"]
[PlyCount "94"]
[EventDate "2000.08.??"]
[EventType "swiss"]
[EventRounds "9"]
[EventCountry "AUT"]
[SourceTitle "EXT 2001"]
[Source "ChessBase"]
[SourceDate "2000.11.22"]
[SourceVersion "1"]
[SourceVersionDate "2000.11.22"]
[SourceQuality "1"]

1. d4 Nf6 2. Nf3 d6 3. c4 Nbd7 4. Nc3 c6 5. e4 e5 6. Be2 Be7 7. 0-0 0-0 8. Re1 Re8 9. Bf1 Qc7 10. g3 Nf8 11. d5 Ng6 12. h3 h6 13. Be3 Rf8 14. Rc1 c5 15. b4 cxb4 16. Nb5 Qb8 17. c5 Nxe4 18. cxd6 Bxd6 19. Nd2 Nc3 20. Nxc3 bxc3 21. Nc4 b6 22. Nxd6 Qxd6 23. Rxc3 Bb7 24. Bg2 Rfc8 25. Rd3 Ba6 26. Rd2 Rc3 27. Be4 Rf8 28. Qa4 b5 29. Qd1 f5 30. Rd3 Rc7 31. Bg2 b4 32. Rd2 Bb5 33. Bd4 Bd7 34. Bb2 a5 35. Qa1 Re8 36. h4 e4 37. Bxg7 Ne5 38. Bxe5 Rxe5 39. Qd4 Rc5 40. Bf1 Kh7 41. Bc4 Rc8 42. a3 e3 43. Rxe3 Rxe3 44. fxe3 Rg8 45. Rg2 Rg4 46. Qd3 Rxg3 47. axb4 axb4 1/2-1/2

[Event "Feffernitz Raika op 09th"]
[Site "Feffernitz"]
[Date "2000.08.24"]
[Round "5"]
[White "De Bortoli, Peter"]
[Black "Moser, Eva"]
[Result "1/2-1/2"]
[WhiteElo "2195"]
[BlackElo "2332"]
[PlyCount "64"]
[EventDate "2000.08.??"]
[EventType "swiss"]
[EventRounds "9"]
[EventCountry "AUT"]
[SourceTitle "EXT 2001"]
[Source "ChessBase"]
[SourceDate "2000.11.22"]
[SourceVersion "1"]
[SourceVersionDate "2000.11.22"]
[SourceQuality "1"]

1. e4 b6 2. d4 Bb7 3. Nc3 e6 4. Nf3 Bb4 5. Bd3 Nf6 6. e5 Nd5 7. 0-0 Nxc3 8. bxc3 Be7 9. Qe2 d6 10. Bb2 Nd7 11. Rad1 0-0 12. c4 Qe8 13. Rfe1 Rc8 14. Ba1 Bxf3 15. Qxf3 dxe5 16. d5 Bd6 17. dxe6 fxe6 18. Qh3 g6 19. f3 Qe7 20. Re4 Nc5 21. Rh4 Rf4 22. Rxf4 exf4 23. Bxg6 Rd8 24. Qh5 e5 25. Bxh7+ Qxh7 26. Qg5+ Kf7 27. Qxd8 Qxc2 28. Rf1 Nd3 29. h4 Qe2 30. Qd7+ Kf6 31. Qd8+ Kf7 32. Rb1 Qc2 1/2-1/2

[Event "Feffernitz Raika op 09th"]
[Site "Feffernitz"]
[Date "2000.08.23"]
[Round "4"]
[White "Hummel, Markus"]
[Black "De Bortoli, Peter"]
[Result "0-1"]
[WhiteElo "2174"]
[BlackElo "2195"]
[PlyCount "80"]
[EventDate "2000.08.??"]
[EventType "swiss"]
[EventRounds "9"]
[EventCountry "AUT"]
[SourceTitle "EXT 2001"]
[Source "ChessBase"]
[SourceDate "2000.11.22"]
[SourceVersion "1"]
[SourceVersionDate "2000.11.22"]
[SourceQuality "1"]

1. e4 c5 2. Nf3 b6 3. d4 cxd4 4. Nxd4 Bb7 5. Nc3 e6 6. Ndb5 d6 7. Bf4 e5 8. Nd5 Na6 9. Be3 Be7 10. Nxe7 Kxe7 11. Bc4 Nf6 12. Bg5 h5 13. Bxf6+ gxf6 14. Bd5 Rb8 15. Bxb7 Rxb7 16. Qd5 Rd7 17. 0-0-0 Nc7 18. Nxc7 Qxc7 19. f4 Rc8 20. c3 Qc4 21. fxe5 fxe5 22. Qd2 Qxa2 23. Qg5+ f6 24. Qxh5 Qa1+ 25. Kc2 Qa4+ 26. Kd3 d5 27. Ke2 Qxe4+ 28. Kf1 Qf4+ 29. Qf3 Qg5 30. h4 Qh6 31. g4 Rc4 32. g5 fxg5 33. hxg5 Qg6 34. Qf6+ Qxf6+ 35. gxf6+ Kxf6 36. Rh6+ Kg5 37. Re6 Kf5 38. Rh6 Rg4 39. Ke2 d4 40. cxd4 Re4+ 0-1

[Event "Padova op"]
[Site "Padova"]
[Date "1999.12.12"]
[Round "1"]
[White "De Bortoli, Peter"]
[Black "Timoscenko, Gennadij A"]
[Result "0-1"]
[WhiteElo "2225"]
[BlackElo "2536"]
[PlyCount "57"]
[EventDate "1999.12.11"]
[EventType "swiss"]
[EventRounds "9"]
[EventCountry "ITA"]
[SourceTitle "CBM 073 Extra"]
[Source "ChessBase"]
[SourceDate "2000.01.11"]
[SourceVersion "1"]
[SourceVersionDate "2000.01.11"]
[SourceQuality "1"]

1. e4 c5 2. Nf3 e6 3. d4 cxd4 4. Nxd4 a6 5. Be3 Nf6 6. Nd2 d6 7. Bd3 g6 8. f4 Nbd7 9. 0-0 Bg7 10. Nc4 Qc7 11. e5 dxe5 12. Nxe6 fxe6 13. fxe5 Nxe5 14. Bb6 Qc6 15. Bxg6+ Ke7 16. Qd4 Nxc4 17. Bc5+ Nd6 18. Be4 Qxc5 19. Qxc5 Nfxe4 20. Qa3 Bd7 21. Rad1 Bc6 22. Rf4 Rad8 23. c4 Rhf8 24. Rh4 Rf7 25. Qb4 Ke8 26. Qe1 Nxc4 27. Rxd8+ Kxd8 28. h3 Bd4+ 29. Kh2 0-1

[Event "Castellaneta op 3rd"]
[Site "Castellaneta"]
[Date "1999.08.30"]
[Round "3"]
[White "Indelicati, Giuseppe"]
[Black "De Bortoli, Peter"]
[Result "0-1"]
[WhiteElo "2239"]
[BlackElo "2225"]
[PlyCount "96"]
[EventDate "1999.08.29"]
[EventType "swiss"]
[EventRounds "6"]
[EventCountry "ITA"]
[SourceTitle "EXT 2000"]
[Source "ChessBase"]
[SourceDate "1999.11.16"]
[SourceVersion "1"]
[SourceVersionDate "1999.11.16"]
[SourceQuality "1"]

1. e4 c5 2. c3 d5 3. exd5 Qxd5 4. d4 Nc6 5. Nf3 Bg4 6. Be2 cxd4 7. cxd4 e6 8. Nc3 Qd6 9. 0-0 Nf6 10. h3 Bh5 11. Nb5 Qd8 12. Bf4 Rc8 13. Qa4 Nd5 14. Bg3 Nb6 15. Qd1 Be7 16. Ne5 Bxe2 17. Qxe2 a6 18. Nxc6 Rxc6 19. Nc3 Qxd4 20. Be5 Qh4 21. Bxg7 Rg8 22. Be5 Qxh3 23. Bg3 Rxg3 24. fxg3 Bc5+ 25. Rf2 Qxg3 26. Ne4 Bxf2+ 27. Nxf2 Nd5 28. Ne4 Qe3+ 29. Qxe3 Nxe3 30. Kf2 Nd5 31. Rh1 Rc2+ 32. Kf3 Rxb2 33. Rxh7 Ke7 34. Ng5 Kf6 35. Ne4+ Kg6 36. Rh8 Rxa2 37. Rg8+ Kh7 38. Rb8 b5 39. Rb7 Kg6 40. Nd6 b4 41. Nxf7 a5 42. Ne5+ Kf5 43. Nc6 a4 44. g4+ Kg5 45. Nd4 Ra3+ 46. Kf2 Kxg4 47. Nxe6 Ra2+ 48. Ke1 b3 0-1

[Event "Verona op 5th"]
[Site "Verona"]
[Date "1999.??.??"]
[Round "?"]
[White "Carli, Carlo"]
[Black "De Bortoli, Peter"]
[Result "1-0"]
[WhiteElo "2071"]
[BlackElo "2218"]
[PlyCount "93"]
[EventDate "1999.??.??"]
[EventType "swiss"]
[EventRounds "7"]
[EventCountry "ITA"]
[SourceTitle "EXT 2005"]
[Source "ChessBase"]
[SourceDate "2004.11.15"]
[SourceVersion "1"]
[SourceVersionDate "2004.11.15"]
[SourceQuality "1"]

1. d4 Nf6 2. c4 e6 3. Nc3 Bb4 4. Bg5 0-0 5. Rc1 h6 6. Bxf6 Qxf6 7. Nf3 b6 8. e3 Bb7 9. Be2 d6 10. 0-0 Bxc3 11. Rxc3 Nd7 12. Nd2 e5 13. Bf3 Bxf3 14. Nxf3 e4 15. Nd2 Qg6 16. Qa4 Nf6 17. Qc6 Rac8 18. b4 h5 19. Ra3 h4 20. h3 Rce8 21. Rxa7 Nh7 22. Rxc7 Ng5 23. Kh2 Qh5 24. Qd5 Re6 25. Re1 Rfe8 26. Ra7 Kh7 27. Ra8 R8e7 28. f4 exf3 29. Nxf3 Nxf3+ 30. Qxf3 Qxf3 31. gxf3 Rxe3 32. Rxe3 Rxe3 33. Rd8 Rxf3 34. Rxd6 Rf2+ 35. Kg1 Rxa2 36. Rxb6 g5 37. d5 Ra3 38. Kg2 Ra2+ 39. Kf3 f5 40. c5 Ra3+ 41. Ke2 g4 42. d6 f4 43. d7 f3+ 44. Kd2 Ra8 45. hxg4 h3 46. g5 Ra2+ 47. Ke3 1-0

[Event "Verona op 5th"]
[Site "Verona"]
[Date "1999.??.??"]
[Round "?"]
[White "De Bortoli, Peter"]
[Black "Mitkov, Nikola"]
[Result "0-1"]
[WhiteElo "2218"]
[BlackElo "2483"]
[PlyCount "88"]
[EventDate "1999.??.??"]
[EventType "swiss"]
[EventRounds "7"]
[EventCountry "ITA"]
[SourceTitle "EXT 2005"]
[Source "ChessBase"]
[SourceDate "2004.11.15"]
[SourceVersion "1"]
[SourceVersionDate "2004.11.15"]
[SourceQuality "1"]

1. e4 e5 2. f4 Nc6 3. Nf3 f5 4. d4 Nf6 5. fxe5 Nxe4 6. Be3 d5 7. Nbd2 Be7 8. a3 0-0 9. g3 g5 10. Qe2 g4 11. Ng1 Be6 12. 0-0-0 b5 13. Nxe4 fxe4 14. Qxb5 Qd7 15. Qa6 Rab8 16. Bb5 Rb6 17. Qa4 Rfb8 18. Bxc6 Rxc6 19. Ne2 Rxb2 20. Kxb2 Rb6+ 21. Qb3 Qa4 22. Ra1 Qc4 23. Rhe1 a5 24. Qxb6 cxb6 25. Kc1 Bd7 26. Kd2 Ba4 27. Rec1 b5 28. Nf4 Bg5 29. Ne6 Bxe3+ 30. Kxe3 Kf7 31. Ng5+ Kg6 32. Ne6 Qc3+ 33. Kf2 Kf7 34. Ng5+ Ke7 35. Nxh7 Qxd4+ 36. Kg2 e3 37. Nf6 Qxe5 38. Nxg4 Qe4+ 39. Kh3 Qh7+ 40. Kg2 Qe4+ 41. Kh3 b4 42. Kh4 Bd7 43. h3 Qh7+ 44. Kg5 Qxh3 0-1

[Event "Montecatini Terme"]
[Site "Montecatini Terme"]
[Date "1999.??.??"]
[Round "9"]
[White "De Bortoli, Peter"]
[Black "Mola, Pietro"]
[Result "1/2-1/2"]
[WhiteElo "2218"]
[BlackElo "2203"]
[PlyCount "22"]
[EventDate "1999.??.??"]
[EventType "tourn"]
[EventRounds "9"]
[EventCountry "ITA"]
[EventCategory "4"]
[SourceTitle "EXT 2001"]
[Source "ChessBase"]
[SourceDate "2000.11.22"]
[SourceVersion "1"]
[SourceVersionDate "2000.11.22"]
[SourceQuality "1"]

1. e4 c5 2. Nf3 Nc6 3. d4 cxd4 4. Nxd4 Nf6 5. Nc3 e5 6. Ndb5 d6 7. Nd5 Nxd5 8. exd5 Nb8 9. c3 Be7 10. a4 0-0 11. Be3 a6 1/2-1/2

[Event "Montecatini Terme"]
[Site "Montecatini Terme"]
[Date "1999.??.??"]
[Round "4"]
[White "Vezzosi, Paolo"]
[Black "De Bortoli, Peter"]
[Result "1-0"]
[WhiteElo "2339"]
[BlackElo "2218"]
[PlyCount "50"]
[EventDate "1999.??.??"]
[EventType "tourn"]
[EventRounds "9"]
[EventCountry "ITA"]
[EventCategory "4"]
[SourceTitle "EXT 2001"]
[Source "ChessBase"]
[SourceDate "2000.11.22"]
[SourceVersion "1"]
[SourceVersionDate "2000.11.22"]
[SourceQuality "1"]

1. Nf3 f5 2. d4 Nf6 3. g3 b6 4. Bg2 Bb7 5. c4 e6 6. 0-0 Be7 7. d5 Qc8 8. Nc3 0-0 9. Nd4 c5 10. Nc2 Re8 11. e4 fxe4 12. Ne3 exd5 13. cxd5 Bf8 14. g4 h6 15. h4 Ba6 16. Re1 Bd3 17. g5 hxg5 18. hxg5 Nh7 19. Qh5 Re5 20. Ng4 Qe8 21. Qh4 Rf5 22. f4 d6 23. Ne3 Qf7 24. Nxf5 Qxf5 25. Bh3 Qf7 1-0

[Event "Padova op-A 1st"]
[Site "Padova"]
[Date "1998.12.14"]
[Round "3"]
[White "De Bortoli, Peter"]
[Black "Caruso, Augusto"]
[Result "0-1"]
[WhiteElo "2215"]
[BlackElo "2285"]
[PlyCount "91"]
[EventDate "1998.12.12"]
[EventType "swiss"]
[EventRounds "6"]
[EventCountry "ITA"]
[SourceTitle "EXT 2000"]
[Source "ChessBase"]
[SourceDate "1999.11.16"]
[SourceVersion "1"]
[SourceVersionDate "1999.11.16"]
[SourceQuality "1"]

1. e4 e6 2. Nf3 d5 3. Nc3 Nf6 4. e5 Nfd7 5. g3 c5 6. d3 Nc6 7. Bf4 Be7 8. h4 Qb6 9. Rb1 Qc7 10. Bh3 Ndxe5 11. Nxe5 Nxe5 12. Qh5 Bd6 13. 0-0 Bd7 14. Rfe1 Ng6 15. Nxd5 Qb8 16. Bxd6 Qxd6 17. Nc3 Bc6 18. Ne4 Qd5 19. Qxd5 Bxd5 20. h5 Nf8 21. b4 cxb4 22. Nd6+ Ke7 23. Nf5+ Kd8 24. Rxb4 Nd7 25. c4 exf5 26. cxd5 b6 27. d6 Re8 28. Rxe8+ Kxe8 29. Bxf5 Nf6 30. d7+ Ke7 31. Rc4 Rd8 32. Rc7 Nxh5 33. Rxa7 g6 34. Bg4 Nf6 35. Bh3 Nxd7 36. Rb7 f5 37. Bg2 Kd6 38. d4 Rc8 39. f4 Rc1+ 40. Kh2 Rc4 41. Bf1 Rxd4 42. Bb5 Rd2+ 43. Kh3 Nf6 44. Rxb6+ Ke7 45. Rb7+ Kf8 46. Bc4 0-1

[Event "Campobasso op 5th"]
[Site "Campobasso"]
[Date "1998.09.13"]
[Round "5"]
[White "Voiska, Margarita"]
[Black "De Bortoli, Peter"]
[Result "0-1"]
[WhiteElo "2350"]
[BlackElo "2215"]
[PlyCount "100"]
[EventDate "1998.09.11"]
[EventType "swiss"]
[EventRounds "6"]
[EventCountry "ITA"]
[SourceTitle "EXT 2000"]
[Source "ChessBase"]
[SourceDate "1999.11.16"]
[SourceVersion "1"]
[SourceVersionDate "1999.11.16"]
[SourceQuality "1"]

1. c4 e6 2. Nf3 Nf6 3. g3 Be7 4. Bg2 0-0 5. 0-0 c6 6. b3 d5 7. Bb2 Nbd7 8. d3 b5 9. Nbd2 Bb7 10. Qc2 Rc8 11. Rad1 Qc7 12. e4 Rfd8 13. e5 Ne8 14. h4 h5 15. Rfe1 g6 16. Nf1 Ng7 17. Bc1 bxc4 18. dxc4 dxc4 19. bxc4 c5 20. N1d2 Nf5 21. Bb2 Nb8 22. Ne4 Nc6 23. Nd6 Bxd6 24. exd6 Rxd6 25. Rxd6 Qxd6 26. Rd1 Nfd4 27. Nxd4 cxd4 28. Qd2 e5 29. Qg5 Kg7 30. Bc1 Rh8 31. Qd2 f6 32. Bd5 Bc8 33. f4 Ne7 34. fxe5 Qxe5 35. Qf2 Nf5 36. Bf4 Qe7 37. Re1 Qc5 38. Rb1 Ba6 39. Kh2 Re8 40. Rb8 Rxb8 41. Bxb8 Bxc4 42. Bxc4 Qxc4 43. Bxa7 d3 44. Be3 Qc2 45. Qxc2 dxc2 46. Bc1 Nd4 47. a4 Nb3 48. Be3 Kf7 49. Kg2 Ke6 50. Kf3 Kd5 0-1

[Event "ITA-ch U20 6th"]
[Site "Porto San Giorgio"]
[Date "1998.08.27"]
[Round "7"]
[White "De Bortoli, Peter"]
[Black "Franchini, Gabriele"]
[Result "1-0"]
[WhiteElo "2215"]
[BlackElo "2195"]
[PlyCount "39"]
[EventDate "1998.08.21"]
[EventType "swiss"]
[EventRounds "8"]
[EventCountry "ITA"]
[SourceTitle "EXT 2024"]
[Source "ChessBase"]
[SourceDate "2023.10.10"]
[SourceVersion "1"]
[SourceVersionDate "2023.10.10"]
[SourceQuality "1"]

1. f4 e5 2. e4 exf4 3. Nf3 Ne7 4. d4 d5 5. Bd3 dxe4 6. Bxe4 Nd5 7. 0-0 Be7 8. c4 Ne3 9. Bxe3 fxe3 10. Nc3 Nd7 11. Bc2 Nf6 12. Qd3 Bg4 13. Rae1 Bh5 14. Qxe3 Bg6 15. Ba4+ Kf8 16. Ne5 c6 17. Bxc6 bxc6 18. Nxc6 Qd6 19. Nxe7 Re8 20. Rxf6 1-0

[Event "ITA-ch U20 6th"]
[Site "Porto San Giorgio"]
[Date "1998.08.24"]
[Round "4"]
[White "Coratella, Giuseppe"]
[Black "De Bortoli, Peter"]
[Result "0-1"]
[WhiteElo "1939"]
[BlackElo "2215"]
[PlyCount "68"]
[EventDate "1998.08.21"]
[EventType "swiss"]
[EventRounds "8"]
[EventCountry "ITA"]
[SourceTitle "EXT 2024"]
[Source "ChessBase"]
[SourceDate "2023.10.10"]
[SourceVersion "1"]
[SourceVersionDate "2023.10.10"]
[SourceQuality "1"]

1. e4 c5 2. Nf3 e6 3. d4 cxd4 4. Nxd4 a6 5. Nc3 Qc7 6. g3 Nf6 7. Bg2 Nc6 8. Be3 h5 9. h3 Na5 10. 0-0 Nc4 11. Bc1 h4 12. g4 Bc5 13. b3 Ne5 14. Na4 Ba7 15. c4 d6 16. Be3 Bd7 17. Nb2 Ng6 18. Rc1 0-0 19. g5 Nh7 20. b4 e5 21. Nf5 Bxe3 22. fxe3 Nxg5 23. a3 Rad8 24. Qh5 Nh7 25. Nxh4 Nxh4 26. Qxh4 Rde8 27. Rfd1 Re6 28. Nd3 Rh6 29. Qg3 Rg6 30. Qh4 Ng5 31. Kh2 Bxh3 32. c5 Bxg2 33. Kxg2 Nxe4+ 34. Kf3 d5 0-1

[Event "ITA-ch U20 6th"]
[Site "Porto San Giorgio"]
[Date "1998.08.21"]
[Round "1"]
[White "De Bortoli, Peter"]
[Black "Artizzu, Giulio"]
[Result "0-1"]
[WhiteElo "2215"]
[BlackElo "1729"]
[PlyCount "46"]
[EventDate "1998.08.21"]
[EventType "swiss"]
[EventRounds "8"]
[EventCountry "ITA"]
[SourceTitle "EXT 2024"]
[Source "ChessBase"]
[SourceDate "2023.10.10"]
[SourceVersion "1"]
[SourceVersionDate "2023.10.10"]
[SourceQuality "1"]

1. e4 e5 2. f4 d5 3. exd5 c6 4. d4 exd4 5. Nf3 Nf6 6. dxc6 Nxc6 7. Nbd2 Nd5 8. Nb3 Bb4+ 9. Kf2 Bg4 10. Bb5 0-0 11. Bxc6 Bxf3 12. Kxf3 bxc6 13. Qxd4 c5 14. Qd3 c4 15. Qxc4 Nf6 16. Nd4 Rc8 17. Qxb4 Qd5+ 18. Kf2 Rc4 19. Qb3 Qxd4+ 20. Be3 Ng4+ 21. Kf3 Qe4+ 22. Kxg4 Qxg2+ 23. Kh5 Qh3+ 0-1

[Event "Montecatini Terme op"]
[Site "Montecatini Terme"]
[Date "1998.??.??"]
[Round "2"]
[White "De Bortoli, Peter"]
[Black "Belotti, Bruno"]
[Result "1/2-1/2"]
[WhiteElo "2205"]
[BlackElo "2420"]
[PlyCount "35"]
[EventDate "1998.??.??"]
[EventType "swiss"]
[EventRounds "9"]
[EventCountry "ITA"]
[SourceTitle "EXT 2000"]
[Source "ChessBase"]
[SourceDate "1999.11.16"]
[SourceVersion "1"]
[SourceVersionDate "1999.11.16"]
[SourceQuality "1"]

1. e4 c5 2. Nf3 e6 3. d4 cxd4 4. Nxd4 Nc6 5. Be3 Nf6 6. Bd3 Qc7 7. 0-0 a6 8. Nxc6 bxc6 9. Nd2 d6 10. f4 Be7 11. Nc4 Nd7 12. Qh5 g6 13. Qa5 Qxa5 14. Nxa5 c5 15. Nc6 Bf6 16. e5 dxe5 17. fxe5 Bg7 18. Rad1 1/2-1/2

[Event "ITA-ch U18"]
[Site "Italy"]
[Date "1998.??.??"]
[Round "?"]
[White "De Bortoli, Peter"]
[Black "Mazzilli, Piero"]
[Result "1-0"]
[WhiteElo "2205"]
[BlackElo "2115"]
[PlyCount "59"]
[EventDate "1998.??.??"]
[EventType "tourn"]
[EventRounds "5"]
[EventCountry "ITA"]
[SourceTitle "EXT 2000"]
[Source "ChessBase"]
[SourceDate "1999.11.16"]
[SourceVersion "1"]
[SourceVersionDate "1999.11.16"]
[SourceQuality "1"]

1. e4 c5 2. Nf3 d6 3. d4 cxd4 4. Nxd4 Nf6 5. Nc3 a6 6. Bc4 e6 7. 0-0 Nbd7 8. Bb3 Nc5 9. f4 Ncxe4 10. Nxe4 Nxe4 11. f5 e5 12. Qh5 d5 13. Re1 Bc5 14. Rxe4 Bxd4+ 15. Kh1 Qd7 16. Re1 0-0 17. c3 Bc5 18. Rxe5 Re8 19. Rxe8+ Qxe8 20. Bd2 Qd7 21. Re1 b6 22. f6 Bb7 23. fxg7 Re8 24. Rxe8+ Qxe8 25. Bc2 Kxg7 26. Qh6+ Kg8 27. Bxh7+ Kh8 28. Bf5+ Kg8 29. Qh7+ Kf8 30. Qh8+ 1-0

[Event "Montecatini Terme op"]
[Site "Montecatini Terme"]
[Date "1998.??.??"]
[Round "4"]
[White "De Bortoli, Peter"]
[Black "Stevic, Hrvoje"]
[Result "1/2-1/2"]
[WhiteElo "2205"]
[BlackElo "2455"]
[PlyCount "82"]
[EventDate "1998.??.??"]
[EventType "swiss"]
[EventRounds "9"]
[EventCountry "ITA"]
[SourceTitle "EXT 2000"]
[Source "ChessBase"]
[SourceDate "1999.11.16"]
[SourceVersion "1"]
[SourceVersionDate "1999.11.16"]
[SourceQuality "1"]

1. e4 c5 2. Nf3 e6 3. d4 cxd4 4. Nxd4 Nf6 5. Bd3 Nc6 6. Nxc6 dxc6 7. Be3 e5 8. f3 Nh5 9. Qd2 Be6 10. 0-0 Nf4 11. Bxf4 exf4 12. Qxf4 Qd4+ 13. Kh1 Qxb2 14. Nd2 Qd4 15. Qg3 Bb4 16. Nb3 Qe3 17. Qe5 0-0-0 18. f4 Rhe8 19. Qb2 f6 20. a3 Bf8 21. Rab1 Qb6 22. Na5 Qxb2 23. Rxb2 b6 24. Nxc6 Bxa3 25. Nxa7+ Kb7 26. Rbb1 Bd7 27. Nb5 Bc5 28. Rfe1 h6 29. Nc3 Bc6 30. Nd5 f5 31. c4 fxe4 32. Bxe4 Ra8 33. Bf3 Rxe1+ 34. Rxe1 Ra4 35. Rc1 Ba3 36. Rc2 Bc5 37. h4 Bd6 38. g3 Ra3 39. Kg2 Bc5 40. Rc3 Ra2+ 41. Kh3 Bd7+ 1/2-1/2